Normal view
MARC view
- المسرح - المسرحيات الانجليزية -الادب المترجم
Entry Topical Term
001 - CONTROL NUMBER
- control field: 48061
003 - CONTROL NUMBER IDENTIFIER
- control field: JO-AjAnu
005 - DATE AND TIME OF LATEST TRANSACTION
- control field: 20230606081929.0
008 - FIXED-LENGTH DATA ELEMENTS
- fixed length control field: 230606|| aca||aabn | a|a d
040 ## - CATALOGING SOURCE
- Original cataloging agency: JO-AjAnu
- Transcribing agency: JO-AjAnu
150 ## - HEADING--TOPICAL TERM
- Topical term or geographic name entry element: المسرح - المسرحيات الانجليزية -الادب المترجم
670 ## - SOURCE DATA FOUND
- Source citation: Work cat.: (JO-AjAnu)24590: شكسبير، وليم؛ ترجمة حرب محمد شاهين, author 48060, الليلة الثانية عشرة